000 00521nam a22001817a 4500
003 KOHA_MİRAKIL
005 20251201081828.0
008 251201b tu ||||| |||| 00| 0 tur d
020 _a9786259412924
040 _aTR-AnABB
_btur
_cTR-AnABB
041 _atur
082 _a346.561
_bCUM 2024
245 1 0 _aCumhuriyetimizin 100. yılında özel hukuk ve kamu hukuku /
260 _aİstanbul :
_bİstanbul Gedik Üniversitesi,
_c2024
300 _a197 sayfa ;
_c17 cm
650 0 4 _aKamu Hukuku
942 _2ddc
_cBK
999 _c9681
_d9681
900 _bGizem YORULMAZ